Termodin mica / Kenneth Wark (Registro nro. 18672)
[ vista simple ]
| 000 -LÍDER | |
|---|---|
| fixed length control field | 00396nam a2200157 4500 |
| 008 - ELEMENTOS DE LONGITUD FIJA -- INFORMACIÓN GENERAL | |
| fixed length control field | 0 1996 0a 000 0MEX |
| 020 ## - NÚMERO INTERNACIONAL NORMALIZADO PARA LIBROS | |
| ISBN | 968-422-780-9 |
| 050 ## - SIGNATURA TOPOGRAFICA DE LA BIBLIOTECA DEL CONGRESO (LC) | |
| Número de Clasificación | QC311 W3618 |
| 082 ## - NUMERO DE CLASIFICACION DECIMAL DEWEY | |
| Número de Clasificación | 536.7 W134t |
| 100 ## - ASIENTO PRINCIPAL--NOMBRE PERSONAL | |
| Nombre personal | Wark, Kenneth |
| 245 ## - TÍTULO | |
| Título | Termodin mica / Kenneth Wark |
| 250 ## - MENCIÓN DE EDICIÓN | |
| Mención de edición | 5 |
| 260 ## - PUBLICACIÓN, DISTRIBUCIÓN, ETC. (PIE DE IMPRENTA) | |
| Lugar de publicación, distribución, etc. | México : McGraw Hill |
| 300 ## - DESCRIPCIÓN FÍSICA | |
| Extensión | 923 p. / 24 cm. |
| 650 ## - ASIENTO SECUNDARIO DE MATERIA - TERMINO TEMÁTICO | |
| Término temático o nombre geográfico como elemento de entrada | 1.TERMODINAMICA |
| No. biblioteca | No. biblioteca | Número de clasificación | Código de barras/Número de adquisición | Número de copia | Tipo de material |
|---|---|---|---|---|---|
| LUIS G. INCLAN | LUIS G. INCLAN | 536.7 W134t | 30586 | 31 | Libros |
| LUIS G. INCLAN | LUIS G. INCLAN | 536.7 W134t | 30587 | 32 | Libros |
| LUIS G. INCLAN | LUIS G. INCLAN | 536.7 W134t | 30588 | 33 | Libros |
| LUIS G. INCLAN | LUIS G. INCLAN | 536.7 W134t | 30589 | 34 | Libros |
| LUIS G. INCLAN | LUIS G. INCLAN | 536.7 W134t | 30590 | 35 | Libros |
| LUIS G. INCLAN | LUIS G. INCLAN | 536.7 W134t | 33838 | 36 | Libros |
| LUIS G. INCLAN | LUIS G. INCLAN | 536.7 W134t | 1967 | 30 | Libros |
| LUIS G. INCLAN | LUIS G. INCLAN | 536.7 W134t | 18134 | 11 | Libros |
| LUIS G. INCLAN | LUIS G. INCLAN | 536.7 W134t | 28669 | 25 | Libros |
| LUIS G. INCLAN | LUIS G. INCLAN | 536.7 W134t | 28835 | 26 | Libros |
| LUIS G. INCLAN | LUIS G. INCLAN | 536.7 W134t | 8226 | 5 | Libros |
